| 000 | 01534cam a2200253 4500 | ||
|---|---|---|---|
| 001 | ABS67689 | ||
| 008 | 040507n2004 000 0 eng u | ||
| 035 | _a(Sirsi) u126142 | ||
| 100 | _aWang, S. | ||
| 245 | _aRisk management framework for construction projects in developing countries | ||
| 260 | _c2004 | ||
| 490 |
_aConstruction Management and Economics _v22(3) March 2004, 237-252(16) |
||
| 520 | _aResearch seeking to identify and evaluate risks and their effective mitigation measures and to develop a risk management framework, which the international investors, developers and contractors can adopt when contracting construction work in developing countries. A survey was conducted and 28 critical risks identified, categorised into hierarchical levels and their criticality evaluated and ranked. For each of the identified risks, practical mitigation measures have also been proposed and evaluated. Almost all mitigation measures have been perceived by the survey respondents as effective. A risk model, named Alien Eyes' Risk Model, which shows the hierarchical levels of the risks and the influence relationship among the risks, is also proposed. Diagrams, tables and references. [Taken from journal abstract]. | ||
| 590 | _aABS | ||
| 590 | _aABS | ||
| 650 | _aRISK MANAGEMENT | ||
| 650 | _aDEVELOPING COUNTRIES | ||
| 650 | _aRISK IDENTIFICATION | ||
| 650 | _aINTERNATIONAL CONSTRUCTION | ||
| 690 | _aBUILDING AND CONSTRUCTION-CONTRACTS | ||
| 700 | _aDulaimi, M. | ||
| 700 | _aAguria, M. | ||
| 942 | _n0 | ||
| 999 |
_c117325 _d117325 |
||